Statistics for Countries that Visit Spain the Most

Click here to take the quiz!

General Stats

  • This quiz has been taken 57 times
  • The average score is 9 of 10

Answer Stats

Visitors Country % Correct
11,414,481Germany
100%
11,343,649France
100%
4,382,503Italy
100%
18,502,722United Kingdom
98%
2,949,710United States
98%
2,346,405Portugal
98%
3,848,545Netherlands
95%
2,500,278Belgium
87%
1,884,783Switzerland
80%
2,049,272Ireland
67%

Score Distribution

Percentile by Number Answered

Percent of People with Each Score

Your Score History

You have not taken this quiz